000 00447nam a2200217Ia 4500
003 IT-RoPAU
008 120407s9999 xx 000 0 und d
040 _aIT-RoPAU
040 _cIT-RoPAU
041 _aita
100 _aFrancesco Sawicki
245 _aLa filosofia della Storia
250 _aFirenze
260 _aFiorentina
260 _c1925
300 _a344 p.
300 _c22 cm
490 _v1
942 _cBK
999 _c33087
_d33087